Documentos para la historia de la Baja California /

Los documentos reunidos en estos dos volúmenes están todos relacionados con la historia de la península de Baja California, inluyendo la Alta California ahora parte de Estados Unidos. La gran mayoría de ellos pertenecen a la primera mitad del siglo XIX.

-д хадгалсан:
Номзүйн дэлгэрэнгүй
Үндсэн зохиолч: Flores D., Jorge (notas)
Формат: Ном
Хэл сонгох:испани
Цуврал:(Papeles Históricos Mexicanos ; 2, 3)
Нөхцлүүд:
Шошгууд: Шошго нэмэх
Шошго байхгүй, Энэхүү баримтыг шошголох эхний хүн болох!

MARC

LEADER 00000nam^a2200000^a^4500
001 000129715
005 20250521000000.0
009 20260310094923.773
037 |a Acervo ITESO - Biblioteca 
041 |a ESP 
082 |a 972. 204  |b FLO 
100 |a Flores D., Jorge  |e (notas) 
245 1 0 |a Documentos para la historia de la Baja California /  |c Notas de J. Flores D. 
264 |a México :  |b editorial no identificada,  |c 1940-1946 
300 |a 2 v. 
336 |a texto  |b txt  |2 rdacontenido 
337 |a sin mediación  |b n  |2 rdamedio 
338 |a volumen  |b nc  |2 rdasoporte 
440 1 |a (Papeles Históricos Mexicanos ;  |v 2, 3) 
520 |a Los documentos reunidos en estos dos volúmenes están todos relacionados con la historia de la península de Baja California, inluyendo la Alta California ahora parte de Estados Unidos. La gran mayoría de ellos pertenecen a la primera mitad del siglo XIX. 
649 |a XX 
650 |a Viajes y Travesías -  |z Baja California -  |x Historia 
650 |a Política -  |z Baja California -  |x Historia 
650 |a Baja California -  |x Historia -  |y Epoca Colonial, 1517-1821 
650 |a Baja California -  |x Historia -  |y Siglo XIX 
650 |a Baja California -  |x Historia -  |x Documentos 
650 |a Baja California -  |x Descripción 
650 |a México -  |x Historia -  |y Epoca Colonial, 1517-1821 
650 |a México -  |x Historia -  |y Siglo XIX 
650 |a México -  |x Historia -  |x Documentos 
650 |a México -  |x Descripción 
910 |a Fondo Salvador Reynoso Reynoso 
920 |a Impresos - Libros 
930 |a Fondos Especiales 
905 |a 112 
901 |a 0800011405  |b IT2  |c ESP  |u 20250521 
901 |a 0800011428  |b IT2  |c ESP  |u 20250521 
902 |a https://opac.biblio.iteso.mx/vufind/Record/000129715